00784nam a2200229Ia 4500008004100000040001800041041000800059110005300067245009900120260006300219300001800282504003900300650002300339650003700362650001400399650002400413700003000437700002200467700002200489700002200511700002100533130821s1998 ck gr spa  aCo-BoUCMbspa00aspa aColombia.bProcuraduría General de la Nación00aDesplazamiento forzoso y reubicación Un estudio de casoscE. Miguel Alvarez-Correa [et. al] aBogotá (Cundinamarca, Colombia)bLa Procuraduríac1998 a191 páginas aIncluye bibliografía e índice.04aProblemas sociales04aRefugiados políticoszColombia04aViolencia04aViolenciazColombia aAlvarez Correa, E. Miguel aCalvo, A. Julieta aCock, Víctor M. aMoreno, Carlos A. aSoler, L. Arturo